🎶 Paroles "Du rhum, des femmes" Soldat Louis - Statistiques

Statistiques générales
  • Ce quiz a Ă©tĂ© pris 348 fois
  • Le rĂ©sultat moyen est 140 sur 214
Statistiques - réponses
Mots % Correct
d'
100%
de
100%
des
100%
Des
100%
Du
100%
du
100%
femmes
100%
Hello
100%
Oh oh oh oh oh
100%
(Refrain :)
100%
(Refrain)
100%
(Refrain x2)
100%
rhum
100%
a
98%
l'
98%
n'
98%
la
97%
La
97%
t'
97%
bière
96%
Dieu
96%
et
96%
Et
96%
s'
95%
on
93%
On
93%
c'
91%
Un
91%
nom
88%
est
87%
qu'
87%
accordéon
85%
mieux
85%
mieux.
85%
pour
84%
ça
83%
Ca
83%
rien
82%
qui
81%
trouvé
80%
veut
80%
heureux
77%
le
77%
nous
77%
Nous
77%
rend
77%
tant
74%
Tant
74%
Que
71%
pas
66%
Pas
66%
fait
65%
J'
64%
j'
64%
emporte
62%
en
62%
une
62%
diable
61%
au
60%
cap,
60%
cap'tain
60%
les
60%
valser
60%
tes
59%
sur
56%
ma
55%
bien
53%
fais
53%
Quand
51%
terre
51%
lui
50%
touché
49%
Tu
49%
briller
48%
celle
47%
pis
47%
ai
46%
pont
46%
arrière
45%
galons
45%
y'
45%
paye
44%
première
44%
démonte
43%
not'
43%
chaud
42%
poster
42%
reste
42%
chanson
40%
gonzesses
40%
peau
40%
mĂŞme
39%
connais
38%
pass'relle
38%
aura
37%
pointera
37%
tiens
36%
coule
35%
front
35%
gèle
35%
Alors
34%
peine
34%
cale,
33%
Comme
33%
dunette
32%
Tout
32%
bateau
31%
deux
31%
as
30%
aux
30%
héros
30%
Entre
28%
photos
28%
filles
27%
rĂŞnes
27%
comptoirs
26%
bras
25%
glandes
25%
romans-
25%
déferlantes
24%
Tell'ment
24%
bouteilles,
23%
coups
23%
couteaux
23%
craque
23%
fermentent
23%
Trois
23%
milles
22%
tripes
22%
gravé
21%
part
21%
coeur
20%
quelque
20%
essaie
19%
penser
19%
Blessures
18%
culs
18%
dérape
18%
guerres,
18%
impatientent
17%
foies,
15%
claque,
12%
Aucun quiz correspondant
Distribution des résultats
% des personnes avec chaque résultat
Percentile par nombre de réponses
Votre historique - résultats
Vous n’avez pas pris ce quiz